000 01101cam a2200337 a 4500
001 2966674
003 ARRUPE
005 20150312020005.0
008 010226s2001 enk b 001 0 eng d
015 _aGBA1-06613
020 _a0745616720
020 _a0745616739 (pbk)
035 _a(OCoLC)ocm46324832
035 _a(NNC)2966674
040 _aVYF
_cVYF
_dUKM
_dMUQ
082 0 0 _a193
_221
090 _aB3245.F24
_bN66 2001
100 1 _aNoonan, Harold W.
_93780
245 1 0 _aFrege :
_ba critical introduction /
_cHarold W. Noonan.
260 _aCambridge :
_bPolity ;
_aMalden, MA :
_bpublished in the USA by Blackwell,
_c2001.
300 _aviii, 244 p. ;
_c24 cm.
490 1 _aKey contemporary thinkers
504 _aIncludes bibliographical references (p. [233]-237) and index.
600 1 0 _aFrege, Gottlob,
_d1848-1925.
_93781
600 1 4 _aFrege, Gottlob,
_d1848-1925.
_93782
600 1 6 _aFrege, Gottlob,
_d1848-1925.
_93783
830 0 _aKey contemporary thinkers (Cambridge, England)
_93784
942 _2lcc
_cMONOGRAPH
_02
948 2 _a20060512
_ba
_crad1
_dMPS
999 _c118670
_d118670